000 004880000a22001690004500
041 0 _aENG
082 0 4 _aG 268.432 N414p
100 1 _aNeilson, G.A.
245 1 0 _aPointing the young to Christ : Original Bible object and flannelgraph lessons / G.A. Neilson
260 _aLondon, Great Britain : Pickering & Inglis
300 _a96 Pag
001 12036
942 _cBK
999 _c41070
_d41070
336 _atexto
_btxt
_2rdacontent
337 _2rdamedia
_asin mediación
_bn
338 _2rdacarrier
_avolumen
_bnc